00000000nam 2200000zi 4500
0019.947540
003CaOODSP
00520250129145505
006m     o  d f      
007cr |n ||||||||
008250129e200909  onc     or   f00| 0|fre d
020 |z9780660645261
040 |aCaOODSP|bfre|erda|cCaOODSP
041 |afre|aeng
043 |an-cn-on
0861 |aSE3-10/4-2009-PDF|zSE3-10/4-2009
24500|aStreet index : |bOntario East and North = Indicateur des rues : Ontario-Est et Ontario-Nord.
24611|aIndicateur des rues : |bOntario-Est et Ontario-Nord
264 1|aOttawa (Ontario) : |bÉlections Canada, |cseptembre 2009.
264 4|c©2009
300 |a1 ressource en ligne (172 pages)
336 |atexte|btxt|2rdacontent/fre
337 |ainformatique|bc|2rdamedia/fre
338 |aressource en ligne|bcr|2rdacarrier/fre
500 |aÉdition numérisée de l'imprimée [par Direction des publications du Gouvernement du Canada].
500 |a« Ottawa, Grand Sudbury, Thunder Bay. »
546 |aTexte en français et en anglais.
650 6|aCirconscriptions électorales|zOntario|vRépertoires.
655 7|aRépertoires|2rvmgf
7102 |aÉlections Canada, |eorganisme de publication.
791 |tStreet index : |eeng|w(CaOODSP)9.947537
85640|qPDF|s13.2 Mo|uhttps://publications.gc.ca/collections/collection_2025/elections/SE3-10-4-2009.pdf